Temporal Trace ability in Ontology Evolution Management / (Record no. 528211)

000 -LEADER
fixed length control field 00554nam a22001697a 4500
082 ## - DEWEY DECIMAL CLASSIFICATION NUMBER
Classification number 004
100 ## - MAIN ENTRY--PERSONAL NAME
Personal name Khattak, Asad Masood.
245 ## - TITLE STATEMENT
Title Temporal Trace ability in Ontology Evolution Management /
Statement of responsibility, etc. Asad Masood Khattak.
260 ## - PUBLICATION, DISTRIBUTION, ETC.
Place of publication, distribution, etc. Islamabad:
Name of publisher, distributor, etc. SEECS - NUST,
Date of publication, distribution, etc. 2008.
300 ## - PHYSICAL DESCRIPTION
Extent xi, 83 p.: ill.;
Dimensions 30cm.
650 ## - SUBJECT ADDED ENTRY--TOPICAL TERM
Topical term or geographic name entry element Ms Thesis.
700 ## - ADDED ENTRY--PERSONAL NAME
Personal name Dr. Khalid Latif
856 ## - Uniform Resource Identifier
Uniform Resource Identifier <a href="http://10.250.8.41:8080/xmlui/handle/123456789/6394">http://10.250.8.41:8080/xmlui/handle/123456789/6394</a>
942 ## - ADDED ENTRY ELEMENTS (KOHA)
Source of classification or shelving scheme
Koha item type Thesis
650 ## - SUBJECT ADDED ENTRY--TOPICAL TERM
-- 18721
700 ## - ADDED ENTRY--PERSONAL NAME
-- 19776
Holdings
Withdrawn status Lost status Source of classification or shelving scheme Damaged status Not for loan Permanent Location Current Location Shelving location Date acquired Full call number Barcode Date last seen Price effective from Non-public note Koha item type
          Central Library (CL) Central Library (CL) Thesis 09/02/2019 004 CL-T-3254 09/02/2019 09/02/2019 Minute Sheet No. 0929/02/CL/Survey/5 dated 23rd April 2024 E-MIN ID 114741 Thesis
© 2023 Central Library, National University of Sciences and Technology. All Rights Reserved.